Culture générale en 60 secondes #7 - Cinéma - Statistiques

Statistiques générales
  • Ce quiz a été pris 176 fois
  • Le résultat moyen est 5 sur 14
Statistiques - réponses
Indice Réponse % Correct
Qui est le compagnon comique de Ramzy ? Éric
98%
Quel acteur et humoriste interprète Driss dans Intouchables ? Omar Sy
93%
Qui joue Hermione dans Harry Potter et l'une des sœurs du docteur March ? Emma Watson
86%
Quel pays produit le plus de films tous les ans dans le monde ? Inde
77%
Complétez ce titre : Anatomie d'une... Chute
38%
Qui est le personnage central d'Avatar ? Jake Sully
23%
Quel réalisateur de comédies est à l'origine de "Rubber", "Mandibules" et "Daaaaaalí" ? Quentin Dupieux
20%
Quel est le nom de l'acteur du milieu du XXe siècle, icône du western, prénommé John ? Wayne
18%
Quel film d'Hitchcock se finit par "Mr. Rusk, you're not wearing your tie" Psychose
17%
Quel film d'animation sorti en 2025 est désormais le deuxième au box-office mondial ? Zootopie 2
17%
Quel objet en gros plan constitue la scène finale d'Inception ? Toupie
15%
De quel pays viennent les films "Okja", "A Taxi Driver" et "Le Roi et le Clown" ? Corée du Sud
11%
Qui a dit "Puisse le sort vous être favorable" ? Effie Trinket
3%
Quel est le nom de la comète dans "Don't Look Up" ? Dibiasky
0%
Aucun quiz correspondant
Distribution des résultats
% des personnes avec chaque résultat
Percentile par nombre de réponses
Votre historique - résultats
Vous n’avez pas pris ce quiz